000 01162nam a22002657a 4500
005 20170124102924.0
010 _aB-077056
020 _c125.00
035 _aB-077056
037 _bCen Lib/Ret
040 _aDPL
_bHN
082 _a823.08
_bअरोड़ा
100 _aअरोड़ा, ललिता
_942813
245 _aउपन्यासकार भगवतीचरण वर्मा एक अध्यन /
_c ललिता अरोड़ा
246 _aUpanyaskar bhagawaticharan verma ek addhyan
_bby Lalita Arora
260 _aनई दिल्ली
_bभारतीय ग्रन्थ निकेतन
_c2001
270 _a2713,कूचा चेलान दरिया गंज
_bनई दिल्ली
_e110002
300 _a198पृष्ठ.
_c18सजिल्द
650 _aहिंदी साहित्य
_942814
650 _aहिंदी उपन्यास
_942815
650 _aहिंदी लिटरेचर
_942816
650 _aहिंदी नावेल
_942817
700 _942583
942 _2ddc
_cHN
_h823.08
_mअरोड़ा
999 _c111437
_d111437